[Event "Club Championships G Grade"]
[Site "Wellington Chess Club"]
[Date "2021.12.09"]
[Round "5.4"]
[White "Lavender, Ariel"]
[Black "Asher, Bruce"]
[Result "1-0"]
[WhiteElo "1273"]
[BlackElo "1135"]

1. d4 d5 2. Nf3 Nc6 3. Bf4 e6 4. e3 Nf6 5. c4 Bb4+ 6. Nbd2 dxc4 7. Bxc4 O-O 8.
O-O Bd7 9. a3 Bd6 10. Ne5 Qe7 11. Ndf3 h6 12. Bd3 g5 13. Nxd7 Qxd7 14. Nxg5
Bxf4 15. exf4 Nxd4 16. Nf3 a6 17. Nxd4 Qd6 18. Ne2 Rad8 19. Bc2 Qd2 20. Rc1 Rd6
21. Qxd2 Rxd2 22. Ng3 Rd4 23. f5 e5 24. Rfd1 Rf4 25. Bb1 e4 26. Rd4 Re8 27.
Rxc7 h5 28. Nxe4 Nxe4 29. f3 Nd2 30. Rxf4 Nxb1 31. Rxb7 Rd8 32. Kf2 Nxa3 33.
bxa3 Kg7 34. Ke3 Re8+ 35. Re4 Rd8 36. Ree7 Rf8 37. g4 h4 38. g5 Kg8 39. g6 1-0

[Event "Summer Cup"]
[Site "Wellington Chess Club"]
[Date "2022.02.03"]
[Round "1.1"]
[White "Croad, Nicolas"]
[Black "Archer, Ollie"]
[Result "1-0"]
[WhiteElo "2449"]
[BlackElo "1752"]

1. d4 Nf6 2. c4 e6 3. Nc3 Bb4 4. Qc2 O-O 5. a3 Bxc3+ 6. Qxc3 b6 7. Bg5 Bb7 8.
f3 h6 9. Bh4 d5 10. cxd5 exd5 11. e3 Nbd7 12. Bd3 Re8 13. Ne2 c5 14. O-O Qe7
15. Bf2 Rac8 16. Qd2 Nf8 17. Ng3 g6 18. Rae1 Kg7 19. e4 c4 20. Bb1 c3 21. bxc3
Qxa3 22. e5 Ng8 23. Re3 Ne6 24. f4 Ba6 25. f5 Bxf1 26. fxe6 Bc4 27. exf7 Kxf7
28. Rf3+ Kg7 29. Nh5+ Kh8 30. Nf4 Qa1 31. Qc2 Ba2 32. Qxa2 Qxa2 33. Bxa2 Ne7
34. Nxd5 Nf5 35. g4 1-0

[Event "Summer Cup"]
[Site "Wellington Chess Club"]
[Date "2022.02.03"]
[Round "1.2"]
[White "Webster, Jamie"]
[Black "Ker, Anthony"]
[Result "0-1"]
[WhiteElo "1742"]
[BlackElo "2441"]

1. e4 c5 2. Nf3 g6 3. d4 cxd4 4. Nxd4 Nc6 5. c4 Nf6 6. Nc3 d6 7. Be2 Nxd4 8.
Qxd4 Bg7 9. Bg5 O-O 10. Qd2 Be6 11. O-O Qa5 12. Rac1 Rfc8 13. b3 a6 14. a4 b5
15. Nb1 Qxd2 16. Nxd2 bxa4 17. bxa4 h6 18. Be3 Nd7 19. f4 Nc5 20. f5 Bd7 21. a5
Rab8 22. Rb1 Rxb1 23. Rxb1 gxf5 24. exf5 Bxf5 25. Rb6 Bc3 26. Bxc5 Rxc5 27. Nb3
Re5 28. Kf1 Bc2 29. Rxa6 Bxb3 30. Ra8+ Kg7 31. a6 Rf5+ 32. Bf3 Bxc4+ 33. Kf2
Bd4+ 34. Kg3 Ra5 35. Bb7 Ra3+ 36. Kf4 Be5+ 37. Ke4 e6 38. Rd8 f5# 0-1

[Event "Summer Cup"]
[Site "Wellington Chess Club"]
[Date "2022.02.03"]
[Round "1.3"]
[White "Dive, Russell"]
[Black "Malcolm, Aidan"]
[Result "1-0"]
[WhiteElo "2388"]
[BlackElo "1700"]

1. Nf3 d5 2. c4 e6 3. g3 Nf6 4. Bg2 d4 5. O-O Be7 6. e3 Nc6 7. exd4 Nxd4 8.
Nxd4 Qxd4 9. d3 e5 10. Nc3 c6 11. Be3 Qd8 12. h3 Be6 13. Qb3 Qd7 14. Kh2 O-O
15. Rad1 b6 16. Qa4 Rac8 17. d4 exd4 18. Rxd4 Qb7 19. b4 Bd7 20. Rfd1 Rfd8 21.
Bf4 Nh5 22. Be5 Bf6 23. f4 Bxe5 24. fxe5 Qc7 25. Rd6 g6 26. Ne4 Be8 27. Rxd8
Rxd8 28. Rxd8 Qxd8 29. Qxa7 Qd4 30. Qe7 Qd7 31. Qxd7 Bxd7 32. g4 f5 33. gxh5
fxe4 34. Bxe4 g5 35. a4 h6 36. a5 bxa5 37. bxa5 Bc8 38. Bxc6 1-0

[Event "Summer Cup"]
[Site "Wellington Chess Club"]
[Date "2022.02.03"]
[Round "1.4"]
[White "Scott, Callum"]
[Black "Cilia Vincenti, David"]
[Result "0-1"]
[WhiteElo "1690"]
[BlackElo "2219"]

1. c4 f5 2. d4 Nf6 3. Nc3 e6 4. h3 Bb4 5. a3 Bxc3+ 6. bxc3 b6 7. Bf4 Bb7 8. Nf3
d6 9. Ng5 Qe7 10. Qc2 e5 11. Qxf5 exf4 12. d5 Qe5 13. Qe6+ Qxe6 14. Nxe6 Kd7
15. Nxf4 Na6 16. f3 Nc5 17. e4 Rhf8 18. Ne2 Ba6 19. Nd4 Nh5 20. O-O-O Ng3 21.
Rg1 Nxf1 22. Rgxf1 Bxc4 23. Rfe1 Nd3+ 24. Rxd3 Bxd3 25. Kd2 Ba6 26. Ne6 Rg8 27.
a4 Rae8 28. Nd4 Bb7 29. c4 c5 30. Nb3 a5 31. Ke3 g5 32. Nd2 h5 33. Kf2 g4 34.
hxg4 hxg4 35. f4 Kc7 36. g3 Bc8 37. Kg2 Bd7 38. e5 Bf5 0-1

[Event "Summer Cup"]
[Site "Wellington Chess Club"]
[Date "2022.02.03"]
[Round "1.5"]
[White "Winter, Ryan"]
[Black "Ashe, Michael"]
[Result "1-0"]
[WhiteElo "2186"]
[BlackElo "1675"]

1. e4 c6 2. d4 d5 3. e5 Bf5 4. h4 h5 5. Bd3 Bxd3 6. Qxd3 e6 7. Bg5 Qb6 8. Nd2
c5 9. c4 Nc6 10. Ngf3 cxd4 11. O-O Nge7 12. a3 Qc7 13. Rfe1 dxc4 14. Nxc4 Nf5
15. b4 b5 16. Na5 Qb6 17. Nxc6 Qxc6 18. Nxd4 Qd5 19. Qxb5+ Qxb5 20. Nxb5 Kd7
21. Rac1 1-0

[Event "Summer Cup"]
[Site "Wellington Chess Club"]
[Date "2022.02.03"]
[Round "1.6"]
[White "Farrington, Lawrence"]
[Black "Sellen, Ian"]
[Result "0-1"]
[WhiteElo "1647"]
[BlackElo "2039"]

1. e4 c5 2. c3 d5 3. exd5 Qxd5 4. d4 Nc6 5. Nf3 Bg4 6. Be2 cxd4 7. cxd4 Nf6 8.
Nc3 Qd7 9. Be3 e6 10. O-O Bd6 11. h3 Bh5 12. Rc1 O-O 13. Nb5 Bb8 14. Nc3 Rd8
15. Qd2 a6 16. Rfd1 Qc7 17. Qc2 Qe7 18. a3 Ba7 19. g4 Bg6 20. Qa4 Qd6 21. Bd3
Bxd3 22. Rxd3 Nd5 23. Ne4 Qe7 24. Rcd1 Rac8 25. Rc1 Nxe3 26. fxe3 Bb8 27. Qd1
h6 28. Kg2 f5 29. gxf5 exf5 30. Nf2 Kh7 31. Qe2 Qf6 32. Rc2 Re8 33. d5 Ne5 34.
Rxc8 Rxc8 35. Nxe5 Qxe5 36. Qf3 Rc1 37. Rd1 Rc8 38. Kf1 Bd6 39. Nd3 Qf6 40. e4
fxe4 41. Qxf6 gxf6 42. Nc1 Kg6 43. Nb3 Kf5 44. Ke2 Ke5 45. Na5 Rc2+ 46. Rd2
Rxd2+ 47. Kxd2 b5 48. Ke3 Bc5+ 49. Ke2 Kxd5 50. Nb3 f5 51. Nd2 f4 52. b3 Bxa3
0-1

[Event "Summer Cup"]
[Site "Wellington Chess Club"]
[Date "2022.02.03"]
[Round "1.7"]
[White "Forster, Bill"]
[Black "Darr, Samuel"]
[Result "1-0"]
[WhiteElo "2034"]
[BlackElo "1581"]

1. d4 d5 2. c4 e6 3. Nc3 Nf6 4. cxd5 exd5 5. Bg5 Be7 6. e3 Bf5 7. Qb3 b6 8.
Bxf6 Bxf6 9. Qxd5 Qxd5 10. Nxd5 Bd8 11. Rc1 c6 12. Nb4 Bd7 13. Be2 Be7 14. Nd3
Bf5 15. Nf3 Be4 16. O-O Nd7 17. Nfe5 Nxe5 18. Nxe5 c5 19. Bb5+ Kf8 20. dxc5
bxc5 21. Nd7+ Kg8 22. Nxc5 Rb8 23. Nxe4 Rxb5 24. Rc8+ Bf8 25. b3 g6 26. Rd1 Kg7
27. Rdd8 Ra5 28. a4 Ra6 29. Kf1 f5 30. Nc5 Rb6 31. Nd7 Rd6 32. Nxf8 Rxd8 33.
Ne6+ Kf7 34. Rxd8 1-0

[Event "Summer Cup"]
[Site "Wellington Chess Club"]
[Date "2022.02.03"]
[Round "1.8"]
[White "Lynch, Oscar"]
[Black "Chen, Wei Kai"]
[Result "0-1"]
[WhiteElo "1555"]
[BlackElo "2007"]

1. d4 Nf6 2. c4 g6 3. Nc3 Bg7 4. e4 d6 5. f4 O-O 6. Nf3 c5 7. d5 Re8 8. Bd3 Na6
9. O-O e6 10. e5 dxe5 11. fxe5 Ng4 12. Bg5 Qd7 13. Re1 exd5 14. Nxd5 Nxe5 15.
Bf6 Nxd3 16. Qxd3 Nb4 17. Rxe8+ Qxe8 18. Qc3 Nxd5 19. cxd5 Bxf6 20. Qxf6 Bf5
21. Re1 Qd8 22. Qxd8+ Rxd8 23. Rd1 Be6 24. d6 Bxa2 25. Ne5 f6 26. Ng4 Kf7 27.
Ne3 Bb3 28. Rd3 c4 29. Rd4 Ke6 30. Nxc4 Bxc4 31. Rxc4 Rxd6 32. Rc7 Rd7 33. Rxd7
Kxd7 34. Kf2 Kd6 35. Kf3 Kd5 36. g4 a5 37. h4 b5 38. h5 a4 39. hxg6 hxg6 40.
Kf4 b4 41. g5 fxg5+ 42. Kxg5 a3 43. b3 a2 44. Kf4 a1=Q 45. Ke3 Qd4+ 46. Ke2 Qc3
47. Kf1 Qd2 48. Kg1 Ke4 49. Kf1 Kf3 50. Kg1 Qg2# 0-1

[Event "Summer Cup"]
[Site "Wellington Chess Club"]
[Date "2022.02.03"]
[Round "1.9"]
[White "Sole, Michael"]
[Black "Cooke, Xandi"]
[Result "1-0"]
[WhiteElo "2004"]
[BlackElo "1535"]

1. e4 c5 2. Nf3 e6 3. d4 cxd4 4. Nxd4 a6 5. c4 Nf6 6. Nc3 Qc7 7. a3 Be7 8. Be3
O-O 9. Be2 Nc6 10. O-O Nxd4 11. Qxd4 d6 12. b4 e5 13. Qd2 Be6 14. Rac1 Qc6 15.
f3 Rfe8 16. Rfd1 Rac8 17. a4 Qd7 18. Qa2 Qc6 19. Qa3 Bd8 20. b5 Qc7 21. Nd5
Bxd5 22. cxd5 Qd7 23. bxa6 Rxc1 24. Rxc1 bxa6 25. Bxa6 Re7 26. Bb5 Qb7 27. Qxd6
Ba5 28. Bc5 Re8 29. Bxe8 h6 30. Bb5 Nh5 31. Qa6 Qxa6 32. Bxa6 Nf4 33. g3 Nh3+
34. Kg2 1-0

[Event "Summer Cup"]
[Site "Wellington Chess Club"]
[Date "2022.02.03"]
[Round "1.10"]
[White "Qu, Lucas"]
[Black "Benitez, Edgar"]
[Result "*"]
[WhiteElo "1289"]
[BlackElo "1997"]

1. e4 e5 2. Nf3 Nc6 3. Bb5 a6 4. Bxc6 dxc6 5. O-O Bd6 6. d4 f6 7. Nc3 Ne7 8.
dxe5 fxe5 9. Bg5 Bg4 10. Qd3 O-O 11. Bxe7 Qxe7 12. Rfe1 Bxf3 13. gxf3 Qg5+ 14.
Kf1 Qh5 15. Ne2 Qh3+ 16. Kg1 Rxf3 17. Qd2 Rxf2 18. Nf4 Qxh2# *

[Event "Summer Cup"]
[Site "Wellington Chess Club"]
[Date "2022.02.03"]
[Round "1.11"]
[White "Langford, Josh"]
[Black "Turner, Giles"]
[Result "1-0"]
[WhiteElo "1986"]
[BlackElo "1265"]

1. e4 c6 2. d4 d5 3. e5 Bf5 4. Nc3 e6 5. g4 Bg6 6. Nge2 h6 7. Be3 Nd7 8. Nf4
Bh7 9. h4 Ne7 10. h5 Rc8 11. Qd2 c5 12. dxc5 Nxc5 13. Bb5+ Nc6 14. O-O-O Be7
15. Nfe2 a6 16. Bxc6+ bxc6 17. Nd4 Qb6 18. Nb3 Bg5 19. Nxc5 Qxc5 20. Bxc5 Bxd2+
21. Rxd2 Rb8 22. Rd4 Kd7 23. Na4 Rb5 24. Rh3 Rf8 25. Bxf8 1-0

[Event "Summer Cup"]
[Site "Wellington Chess Club"]
[Date "2022.02.03"]
[Round "1.12"]
[White "Vachon, Mia"]
[Black "Young, Cohen"]
[Result "0-1"]
[WhiteElo "1191"]
[BlackElo "1982"]

1. e4 c5 2. Nf3 e6 3. d4 cxd4 4. Nxd4 Nf6 5. Nc3 Nc6 6. Nxc6 bxc6 7. Bg5 Bb4 8.
e5 Qa5 9. Qd4 c5 10. Qc4 Ba6 11. Qb3 c4 12. Bxc4 Qxe5+ 13. Be3 Bxc4 14. Qxc4
Nd5 15. Qd4 Qxd4 16. Bxd4 O-O 17. O-O Bxc3 18. bxc3 Rfc8 19. Rfe1 Nxc3 20. Re3
Nb5 21. c3 Rc4 22. Rd1 Rac8 23. Rdd3 Nxd4 0-1

[Event "Summer Cup"]
[Site "Wellington Chess Club"]
[Date "2022.02.03"]
[Round "1.13"]
[White "Symon, Christopher"]
[Black "Asher, Bruce"]
[Result "1-0"]
[WhiteElo "1888"]
[BlackElo "1166"]

1. Nf3 Nc6 2. d4 d5 3. c4 dxc4 4. d5 Na5 5. Nc3 e6 6. e4 Nf6 7. Bg5 Be7 8. Bxf6
Bxf6 9. e5 Be7 10. Qa4+ c6 11. d6 Bf8 12. b4 b5 13. Qxa5 Bd7 14. Qa3 f6 15. Ne4
fxe5 16. Nxe5 g6 17. Qf3 1-0

[Event "Summer Cup"]
[Site "Wellington Chess Club"]
[Date "2022.02.03"]
[Round "1.14"]
[White "Hupert, Leo"]
[Black "Van der Hoorn, Thomas"]
[Result "0-1"]
[WhiteElo "1149"]
[BlackElo "1942"]

1. e4 c6 2. Nf3 d5 3. exd5 cxd5 4. d4 Nc6 5. Bb5 Bg4 6. c4 Bxf3 7. Qxf3 e6 8.
Nc3 Nf6 9. Bg5 Bb4 10. O-O Bxc3 11. Qxc3 O-O 12. cxd5 Qxd5 13. Bxf6 gxf6 14.
Bxc6 Qxc6 15. Rfe1 Qxc3 16. bxc3 Rac8 17. Rac1 Rc4 18. Re3 Rfc8 19. f4 Rxd4 20.
cxd4 Rxc1+ 21. Kf2 f5 22. h4 Rc2+ 23. Re2 Rxe2+ 24. Kxe2 Kf8 25. Kf3 h6 26. Ke3
Ke7 27. Kd3 b5 28. Kc3 a5 29. Kb3 Kd6 30. a4 bxa4+ 31. Kxa4 Kd5 32. Kxa5 Kxd4
33. Kb6 Ke4 34. g3 Kf3 35. Kc6 Kxg3 36. Kd6 Kxf4 0-1

[Event "Summer Cup"]
[Site "Wellington Chess Club"]
[Date "2022.02.03"]
[Round "1.15"]
[White "Zaslow, Henry"]
[Black "Hooper, John"]
[Result "1-0"]
[WhiteElo "1932"]
[BlackElo "1081"]

1. Nc3 Nf6 2. e4 d5 3. e5 Ne4 4. d4 e6 5. Bd3 Nxf2 6. Kxf2 Qh4+ 7. Kf1 Qxd4 8.
Bb5+ c6 9. Qxd4 cxb5 10. Nxb5 Nc6 11. Qf4 a6 12. Nc7+ Kd8 13. Nxa8 Bc5 14. Qxf7
Rf8 15. Bg5+ Be7 16. Bxe7+ Nxe7 17. Qxf8+ Kd7 18. Nb6+ Kc6 19. Qd8 1-0

[Event "Summer Cup"]
[Site "Wellington Chess Club"]
[Date "2022.02.03"]
[Round "1.17"]
[White "Heyworth, Nicholas"]
[Black "Lavender, Ariel"]
[Result "1-0"]
[WhiteElo "1824"]
[BlackElo "1395"]

1. e4 d5 2. exd5 Nf6 3. Bb5+ c6 4. dxc6 Nxc6 5. Nf3 Bg4 6. Be2 e5 7. d3 e4 8.
dxe4 Qxd1+ 9. Bxd1 Nxe4 10. O-O O-O-O 11. Be3 g5 12. Nbd2 Bxf3 13. Nxf3 g4 14.
Ng5 Nxg5 15. Bxg5 Rd4 16. Bf6 Rg8 17. Bxd4 Nxd4 18. c3 Ne6 19. Bb3 Ng5 20. Rad1
h5 21. Rd5 h4 22. Rfd1 Ne6 23. Rd7 Bc5 24. Rxf7 Rg6 25. Bc2 Rh6 26. Kf1 g3 27.
fxg3 hxg3 28. h3 Bb6 29. Bf5 Kb8 30. Rd6 Nd8 31. Rxh6 Nxf7 32. Rg6 Bf2 33. Rg8+
1-0

[Event "Summer Cup"]
[Site "Wellington Chess Club"]
[Date "2022.02.10"]
[Round "2.1"]
[White "Langford, Josh"]
[Black "Croad, Nicolas"]
[Result "0-1"]
[WhiteElo "1986"]
[BlackElo "2449"]

1. e4 e5 2. Nf3 Nc6 3. Bc4 Bc5 4. c3 Nf6 5. d3 a6 6. a4 Ba7 7. O-O d6 8. Re1
O-O 9. h3 Be6 { sorta surprised by this, he usually only plays Ne7 - Ng6
manouvres } 10. Bxe6 fxe6 11. b4 (11. Be3 Bxe3 12. Rxe3 Qe8) 11... Qe8 12. Nbd2
Nh5 13. Nf1 Qg6 14. N1h2 Nf4 15. Bxf4 Rxf4 16. Ra2 Raf8 17. b5 Nd8 18. c4 { too
weakening, i wanted to prevent d5 but honestly croad myself } 18... Nf7 19. Ng4
Nh8 20. Kh2 $5 { i played this to set up a nice trap } 20... Qh5 $2 { very
natural, but allows } 21. Nfxe5 $1 Qg5 (21... dxe5 22. Nf6+ R8xf6 23. Qxh5) 22.
Nf3 Rxf3 { sac } 23. gxf3 Ng6 24. Rg1 Nh4 25. Rg3 Qf4 26. Qe2 Nxf3+ 27. Kg2
Nh4+ 28. Kh1 h5 29. Ne3 Nf3 { i shouldve definitely just gone for the draw
after Kg2 here, black really cant do much but accept fate } 30. a5 { what, too
slow }  (30. Kg2 Ne5 31. Qxh5 Nxd3 32. Qg4 Qxg4 (32... Qe5 33. Rd2) 33. Nxg4)
30... Bd4 31. Rc2 Be5 32. Rc1 $4 { big brain }  (32. Qxf3 Qxf3+ 33. Rxf3 Rxf3 {
true } 34. Kg2 Rf7 35. bxa6 bxa6 36. Rb2 (36. c5 Rd7 37. Nc4 Bd4 38. cxd6 cxd6
39. Nd2) ) 32... Nd4 33. Qf1 Qxf2 34. Qxf2 Rxf2 35. Rg2 Rf3 36. Re1 Rxh3+ 37.
Kg1 Nf3+ { i resign } 0-1

[Event "Summer Cup"]
[Site "Wellington Chess Club"]
[Date "2022.02.10"]
[Round "2.2"]
[White "Ker, Anthony"]
[Black "Zaslow, Henry"]
[Result "1-0"]
[WhiteElo "2441"]
[BlackElo "1932"]

1. e4 e5 2. Nf3 Nc6 3. d4 exd4 4. Bc4 Nf6 5. e5 d5 6. Bb5 Ne4 7. Nxd4 Bd7 8.
Bxc6 bxc6 9. O-O Bc5 10. f3 Ng5 11. f4 Ne4 12. Be3 Bb6 13. Nc3 Nxc3 14. bxc3
O-O 15. Qf3 f6 16. Qg3 Qe7 17. Rfe1 Rae8 18. e6 Bxd4 19. Bxd4 Bc8 20. Qf2 Qa3
21. f5 Bxe6 22. fxe6 1-0

[Event "Summer Cup"]
[Site "Wellington Chess Club"]
[Date "2022.02.10"]
[Round "2.3"]
[White "Young, Cohen"]
[Black "Dive, Russell"]
[Result "0-1"]
[WhiteElo "1982"]
[BlackElo "2388"]

1. e4 c6 2. Nc3 d5 3. Nf3 h6 4. d4 dxe4 5. Nxe4 Bf5 6. Ng3 Bh7 7. Bd3 Bxd3 8.
Qxd3 Nf6 9. O-O e6 10. Re1 Be7 11. Ne5 O-O 12. Ne4 Nbd7 13. Nxd7 Qxd7 14. c3
Rad8 15. Re3 Ng4 16. Rh3 f5 17. Qg3 e5 18. f3 fxe4 19. fxg4 exd4 20. Bd2 Bc5
21. cxd4 Qxd4+ 22. Be3 Qxb2 23. Re1 Rd3 24. Bxc5 Rxg3 25. Rxg3 Qd2 0-1

[Event "Summer Cup"]
[Site "Wellington Chess Club"]
[Date "2022.02.10"]
[Round "2.4"]
[White "Cilia Vincenti, David"]
[Black "Symon, Christopher"]
[Result "1-0"]
[WhiteElo "2219"]
[BlackElo "1888"]

1. Nf3 Nc6 2. d4 d5 3. Bf4 Bf5 4. e3 Nf6 5. c4 e6 6. Nc3 Bd6 7. Bxd6 Qxd6 8. c5
Qe7 9. Bb5 O-O 10. Bxc6 bxc6 11. Ne5 Qe8 12. Qa4 Ne4 13. Nxe4 Bxe4 14. f3 f6
15. Nxc6 Bg6 16. Qa6 Bd3 17. Qxd3 Qxc6 18. O-O Rab8 19. b3 Rb5 20. Rac1 Rfb8
21. e4 a5 22. exd5 exd5 23. Rfe1 Qa8 24. Re7 c6 25. Rce1 R5b7 26. Qf5 Kf8 27.
Rxb7 Qxb7 28. Qxh7 Qb4 29. Qh8+ Kf7 30. Qh5+ Kf8 31. Qh4 Qd2 32. Qf2 Qc3 33.
Qe3 Qb4 34. h4 1-0

[Event "Summer Cup"]
[Site "Wellington Chess Club"]
[Date "2022.02.10"]
[Round "2.5"]
[White "Van der Hoorn, Thomas"]
[Black "Winter, Ryan"]
[Result "1-0"]
[WhiteElo "1942"]
[BlackElo "2186"]

1. e4 c5 2. Nf3 e6 3. d4 cxd4 4. Nxd4 Nc6 5. Nb5 d6 6. c4 a6 7. Nd4 Nf6 8. Nc3
Be7 9. Be2 O-O 10. O-O Qc7 11. Be3 Ne5 12. Rc1 b6 13. f4 Ned7 14. Bf3 Bb7 15.
b4 Rfe8 16. f5 exf5 17. Nd5 Qb8 18. Nxf5 Bf8 19. Nxf6+ Nxf6 20. Bf4 Bxe4 21.
Nxd6 Bxf3 22. Nxe8 Qxe8 23. Qxf3 Bxb4 24. Be3 Rb8 25. c5 bxc5 26. Bxc5 Bxc5+
27. Rxc5 h6 28. Rc6 a5 29. Rfc1 Qe5 30. Rc8+ Rxc8 31. Rxc8+ Kh7 32. Qd3+ Ne4
33. Rc1 f5 34. Re1 Qb2 35. Qe2 Qb4 36. Rf1 Qc5+ 37. Kh1 Qe5 38. Qf3 Nc3 39.
Qxf5+ Qxf5 40. Rxf5 Nxa2 41. Rxa5 Nc3 42. Re5 Kg6 43. g4 Kf6 44. Rf5+ Kg6 45.
h4 Ne4 46. h5+ Kh7 47. Kg2 Nd6 48. Rd5 Ne8 49. Rd8 Nf6 50. Kg3 g6 51. Kh4 gxh5
52. gxh5 Kg7 53. Ra8 Kf7 54. Ra7+ Kg8 55. Ra1 Kf7 56. Rg1 Ng8 57. Rg6 Ne7 58.
Ra6 Ng8 59. Ra7+ Ne7 60. Kg4 Kf6 61. Ra6+ Kg7 62. Kf4 Ng8 63. Ke5 Kh7 64. Ra7+
Kh8 65. Ke6 1-0

[Event "Summer Cup"]
[Site "Wellington Chess Club"]
[Date "2022.02.10"]
[Round "2.6"]
[White "Sellen, Ian"]
[Black "Heyworth, Nicholas"]
[Result "0-1"]
[WhiteElo "2039"]
[BlackElo "1824"]

1. c4 e5 2. Nc3 Nf6 3. g3 d5 4. cxd5 Nxd5 5. Bg2 Ne7 6. Nf3 Nbc6 7. O-O g6 8.
d3 Bg7 9. Bd2 O-O 10. Rc1 h6 11. a3 Nd4 12. b4 Re8 13. Ne1 Be6 14. Rb1 Rb8 15.
e3 Ndf5 16. Qc2 Nd6 17. Rd1 Qd7 18. Bc1 Bh3 19. Bb2 Bxg2 20. Kxg2 Rbc8 21. Ne2
Ndf5 22. e4 Nd4 23. Bxd4 exd4 24. Nf3 b6 25. Rc1 c5 26. bxc5 bxc5 27. Nd2 Kh7
28. Rb1 f5 29. Qc4 fxe4 30. Nxe4 Nd5 31. Rfd1 Nb6 32. Qc2 c4 33. dxc4 Nxc4 34.
Qd3 Qd5 35. f3 Rcd8 36. Nf4 Qf7 37. Rdc1 Ne3+ 38. Kf2 Rc8 39. Nd6 Qa2+ 40. Kg1
Rxc1+ 41. Rxc1 Re6 42. Ne4 Rb6 43. Nf2 Qb2 44. Re1 Qb3 45. Qe4 Qxa3 46. N2d3
Qa5 47. g4 Qb5 48. h4 Qc6 49. Nf2 Qxe4 50. Nxe4 a5 51. Re2 Rb1+ 52. Kf2 Rf1+
53. Kg3 Ra1 54. Nh3 a4 55. f4 a3 56. Nef2 a2 57. Kf3 Nd5 58. g5 d3 59. Rd2 Nb4
0-1

[Event "Summer Cup"]
[Site "Wellington Chess Club"]
[Date "2022.02.10"]
[Round "2.7"]
[White "Wevers, Alexis"]
[Black "Forster, Bill"]
[Result "0-1"]
[WhiteElo "1837"]
[BlackElo "2034"]

1. c4 Nf6 2. Nc3 e6 3. g3 d5 4. cxd5 exd5 5. d4 c6 6. Bg2 Bd6 7. Nf3 Bf5 8. O-O
h6 9. Re1 O-O 10. Nd2 Re8 11. e4 dxe4 12. Ndxe4 Nxe4 13. Nxe4 Bf8 14. Bf4 Na6
15. Qb3 Nb4 16. Be5 Be6 17. Qc3 f6 18. Bf4 Nd5 19. Qf3 Nxf4 20. Qxf4 Qxd4 21.
b3 Rad8 22. Rad1 Qxd1 23. Rxd1 Rxd1+ 24. Bf1 Bh3 0-1

[Event "Summer Cup"]
[Site "Wellington Chess Club"]
[Date "2022.02.10"]
[Round "2.8"]
[White "Chen, Wei Kai"]
[Black "Brockway, Andrew"]
[Result "1/2-1/2"]
[WhiteElo "2007"]
[BlackElo "1778"]

1. Nf3 d5 2. c4 e6 3. d4 Nf6 4. Nc3 c6 5. Bg5 Nbd7 6. e3 Be7 7. Be2 O-O 8. O-O
dxc4 9. Bxc4 b5 10. Bd3 Bb7 11. Rc1 a6 12. Re1 c5 13. Ne5 c4 14. Be2 Nxe5 15.
dxe5 Nd5 16. Bxe7 Nxe7 17. f4 Qc7 18. Qc2 Nd5 19. Nxd5 Bxd5 20. b3 Qb7 21. bxc4
Bxc4 22. Bxc4 bxc4 23. Qxc4 Rac8 24. Qb3 Qa7 25. Red1 g6 26. Rc3 Rxc3 27. Qxc3
Rb8 28. Kf2 Qb6 29. Rd2 Kg7 30. Qd4 Qb7 31. e4 Qb1 32. Qd3 Qxd3 33. Rxd3 Rb2+
34. Kf3 Rxa2 35. h3 h5 36. g4 hxg4+ 37. hxg4 Ra1 38. Ke2 a5 39. f5 gxf5 40.
exf5 exf5 41. gxf5 Kf8 42. Kf3 Ke7 43. Ke4 Rb1 44. f6+ Ke8 45. Rd5 Re1+ 46. Kf4
{ (=) Draw agreed  } 1/2-1/2

[Event "Summer Cup"]
[Site "Wellington Chess Club"]
[Date "2022.02.10"]
[Round "2.11"]
[White "Perrin, Brent"]
[Black "Carlyle, Mathieson"]
[Result "1-0"]
[WhiteElo "1859"]
[BlackElo "1622"]

1. e4 e6 2. d4 d5 3. Nd2 c5 4. c3 Qc7 5. exd5 exd5 6. dxc5 Bxc5 7. Ngf3 Bg4 8.
Qa4+ Bd7 9. Bb5 Nf6 10. O-O Nc6 11. Re1+ Kf8 12. Nb3 Bb6 13. Bf4 Qd8 14. Rad1
Rc8 15. Bg5 h6 16. Bxf6 Qxf6 17. Rxd5 a6 18. Rxd7 axb5 19. Qxb5 Na7 20. Qb4+
Kg8 21. Rd6 Bc5 22. Rxf6 Bxb4 23. Rb6 Bf8 24. Rxb7 Nc6 25. Nfd4 Nd8 26. Rd7 g6
27. Re8 1-0

[Event "Summer Cup"]
[Site "Wellington Chess Club"]
[Date "2022.02.10"]
[Round "2.12"]
[White "Winsley, Nicholas"]
[Black "Jones, Christopher"]
[Result "1-0"]
[WhiteElo "1829"]
[BlackElo "1531"]

1. e4 e5 2. Nf3 Nc6 3. Nc3 Nf6 4. d4 exd4 5. Nxd4 Bc5 6. Be3 Nxd4 7. Bxd4 Qe7
8. Be2 Bxd4 9. Qxd4 c5 10. Qc4 d6 11. Qb5+ Qd7 12. O-O-O O-O 13. Qxd7 Bxd7 14.
Rxd6 Rfe8 15. Rhd1 Rad8 16. Bb5 Re7 17. e5 Rxe5 18. Bxd7 Kf8 19. Bb5 Rc8 20.
Rd8+ Rxd8 21. Rxd8+ Ke7 22. Rd1 a6 23. Be2 b5 24. Bf3 b4 25. Nd5+ Nxd5 26. Rxd5
Rxd5 27. Bxd5 f6 28. Kd2 Kd6 29. Bc4 a5 30. Ke3 Ke5 31. f4+ Kd6 32. Ke4 g6 33.
g4 a4 34. Bg8 h6 35. Bf7 g5 36. fxg5 fxg5 37. Kf5 Ke7 38. Bc4 a3 39. bxa3 b3
40. axb3 1-0

[Event "Summer Cup"]
[Site "Wellington Chess Club"]
[Date "2022.02.10"]
[Round "2.13"]
[White "Rossiter, Philip"]
[Black "Chukkala, Praveen Kiran"]
[Result "1-0"]
[WhiteElo "1756"]
[BlackElo "1392"]

1. c4 e5 2. Nc3 Bb4 3. g3 Nc6 4. Bg2 b6 5. Nf3 Bb7 6. O-O Qe7 7. d3 Bxc3 8.
bxc3 O-O-O 9. a4 f5 10. Nh4 g6 11. Bd2 Nf6 12. e3 d5 13. cxd5 Nxd5 14. Qe2 Rhe8
15. a5 Nxa5 16. c4 Nb4 17. Bxb7+ Kxb7 18. Bxb4 Qxb4 19. Rfb1 Qc3 20. Qa2 Kc8
21. Qa4 e4 22. d4 Qxc4 23. Rb4 Qf7 24. Ng2 Nc6 25. Qa6+ Kd7 26. Qb5 Ra8 27. d5
a5 28. Qxc6+ Ke7 29. Rd4 Rac8 30. d6+ Kf8 31. d7 Ke7 32. dxe8=Q+ Qxe8 33. Qxe8+
Kxe8 34. Rb1 a4 35. Rxa4 c6 36. Rxb6 1-0

[Event "Summer Cup"]
[Site "Wellington Chess Club"]
[Date "2022.02.10"]
[Round "2.14"]
[White "Winsley, Daniel"]
[Black "Lavender, Ariel"]
[Result "1-0"]
[WhiteElo "1808"]
[BlackElo "1395"]

1. b4 Nf6 2. Bb2 g6 3. g4 Bg7 4. g5 Nh5 5. Qc1 d6 6. e4 Bxb2 7. Qxb2 e5 8. Nf3
Bg4 9. Nxe5 dxe5 10. Qxe5+ Kd7 11. f3 Be6 12. d4 f6 13. Qb5+ Kc8 14. d5 a6 15.
Qc4 Bd7 16. Nc3 Qe7 17. O-O-O Qd6 18. Bd3 Re8 19. Rhe1 Nf4 20. gxf6 Qxf6 21. e5
Rxe5 22. d6 Nc6 23. Qg8+ Nd8 24. dxc7 Kxc7 25. Ne4 Qf7 26. Qh8 Re8 27. Qc3+ Nc6
28. a4 Nd5 29. Qc5 Qf4+ 30. Kb1 Nxb4 31. a5 Re5 32. Qd6+ Kc8 33. Nc5 Bh3 34.
Bf1 Bf5 35. Qf8+ Kc7 36. Qxa8 Bxc2+ 37. Kb2 Rxc5 38. Re7+ Nxe7 39. Qd8+ Kc6 40.
Qd7# 1-0

[Event "Summer Cup"]
[Site "Wellington Chess Club"]
[Date "2022.02.10"]
[Round "2.15"]
[White "Archer, Ollie"]
[Black "Qu, Lucas"]
[Result "1-0"]
[WhiteElo "1752"]
[BlackElo "1289"]

1. d4 d5 2. c4 e6 3. Nf3 Nf6 4. g3 b6 5. Bg2 Bb7 6. Ne5 Nc6 7. Qa4 Qd6 8. a3 a6
9. Bf4 dxc4 10. Nxc6 Bxc6 11. Bxc6+ Nd7 12. Bxd6 b5 13. Bxb5 Bxd6 14. Bxd7+ Ke7
15. Nc3 Rhd8 16. Bc6 Ra7 17. Nb5 axb5 18. Qxa7 b4 19. axb4 Bxb4+ 20. Kf1 Bd6
21. e4 f6 22. f4 e5 23. fxe5 fxe5 24. dxe5 Bxe5 25. Qc5+ Kf6 26. Ra6 Rd1+ 27.
Kg2 Rd2+ 28. Kh3 Rxb2 29. Be8+ Bd6 30. Qf5+ Ke7 31. Qf7+ Kd8 32. Qd7# 1-0

[Event "Summer Cup"]
[Site "Wellington Chess Club"]
[Date "2022.02.10"]
[Round "2.16"]
[White "Turner, Giles"]
[Black "Webster, Jamie"]
[Result "0-1"]
[WhiteElo "1265"]
[BlackElo "1742"]

1. e4 e5 2. Nf3 Nc6 3. d4 exd4 4. Nxd4 Nf6 5. Nc3 Bb4 6. Nxc6 bxc6 7. Bd3 d5 8.
O-O O-O 9. Bg5 Bxc3 10. bxc3 dxe4 11. Bxf6 Qxf6 12. Bxe4 Qxc3 13. Qf3 Qxf3 14.
Bxf3 Rb8 15. Bxc6 Be6 16. a3 Rb2 17. Be4 Rfb8 18. c3 g6 19. Rfe1 Kg7 20. a4 a5
21. h3 Rd2 22. Rab1 Rbb2 23. Rxb2 Rxb2 24. Rd1 Ra2 25. Bc6 Ra3 26. c4 Bxc4 27.
Rd7 Be6 28. Rxc7 Rc3 29. f3 Bd5 30. Bxd5 Rxc7 31. Bb3 Rc3 32. Bd5 f6 33. Kf2 h6
34. g4 f5 35. gxf5 gxf5 36. Kg3 Rd3 37. Be6 Kf6 38. Bc8 Rd4 0-1